Schaum's outlines programming with c / (Record no. 171)
[ view plain ]
| 000 -LEADER | |
|---|---|
| fixed length control field | 00901nam a22002897a 4500 |
| 001 - CONTROL NUMBER | |
| control field | 15892 |
| 003 - CONTROL NUMBER IDENTIFIER | |
| control field | BD-DhUAP |
| 005 - DATE AND TIME OF LATEST TRANSACTION | |
| control field | 20201208124222.0 |
| 008 - FIXED-LENGTH DATA ELEMENTS--GENERAL INFORMATION | |
| fixed length control field | 200119s2011 ii | 001 0 eng d |
| 020 ## - INTERNATIONAL STANDARD BOOK NUMBER | |
| International Standard Book Number | 9780070145900 |
| 020 ## - INTERNATIONAL STANDARD BOOK NUMBER | |
| International Standard Book Number | 0070145903 |
| 040 ## - CATALOGING SOURCE | |
| Original cataloging agency | BD-DhUAP |
| Transcribing agency | BD-DhUAP |
| Modifying agency | BD-DhUAP |
| Language of cataloging | Eng |
| 082 00 - DEWEY DECIMAL CLASSIFICATION NUMBER | |
| Edition number | 23 |
| Classification number | 005.133 GOT |
| 100 ## - MAIN ENTRY--PERSONAL NAME | |
| Personal name | Gottfried, Byron S. |
| 245 ## - TITLE STATEMENT | |
| Title | Schaum's outlines programming with c / |
| Statement of responsibility, etc. | Byron S. Gottfried ; adapted by Jitender Kumar Chhabra. |
| 250 ## - EDITION STATEMENT | |
| Edition statement | 3rd ed. |
| 260 ## - PUBLICATION, DISTRIBUTION, ETC. | |
| Place of publication, distribution, etc. | New Delhi : |
| Name of publisher, distributor, etc. | Tata Mcgraw-hill publishing, |
| Date of publication, distribution, etc. | c2011. |
| 300 ## - PHYSICAL DESCRIPTION | |
| Extent | various pages ; |
| Dimensions | 24 cm. |
| 490 ## - SERIES STATEMENT | |
| Series statement | Schaum's outlines. |
| 500 ## - GENERAL NOTE | |
| General note | Includes index. |
| 504 ## - BIBLIOGRAPHY, ETC. NOTE | |
| Bibliography, etc. note | Includes bibliographical references. |
| 650 #0 - SUBJECT ADDED ENTRY--TOPICAL TERM | |
| Topical term or geographic name entry element | C (Computer program language). |
| 700 ## - ADDED ENTRY--PERSONAL NAME | |
| Personal name | Chhabra, Jitender Kumar. |
| 942 ## - ADDED ENTRY ELEMENTS (KOHA) | |
| Source of classification or shelving scheme | |
| Koha item type | Book |
| Withdrawn status | Lost status | Source of classification or shelving scheme | Damaged status | Not for loan | Permanent Location | Current Location | Shelving location | Date acquired | Total Checkouts | Full call number | Barcode | Date last seen | Date last checked out | Copy number | Price effective from | Koha item type | Total Renewals |
|---|---|---|---|---|---|---|---|---|---|---|---|---|---|---|---|---|---|
| UAP Central Library | UAP Central Library | General Stacks | 2020-01-19 | 2 | 005.133 GOT | 3010015892 | 2023-09-13 | 2023-08-31 | 1 | 2020-01-19 | Book | ||||||
| UAP Central Library | UAP Central Library | General Stacks | 2020-01-19 | 1 | 005.133 GOT | 3010016850 | 2024-11-04 | 2024-10-29 | 2 | 2020-01-19 | Book | ||||||
| UAP Central Library | UAP Central Library | General Stacks | 2020-01-19 | 005.133 GOT | 3010015886 | 2020-01-19 | 3 | 2020-01-19 | Book | ||||||||
| UAP Central Library | UAP Central Library | General Stacks | 2020-01-19 | 005.133 GOT | 3010015887 | 2020-01-19 | 4 | 2020-01-19 | Book | ||||||||
| UAP Central Library | UAP Central Library | General Stacks | 2020-01-19 | 005.133 GOT | 3010017077 | 2020-01-19 | 5 | 2020-01-19 | Book | ||||||||
| UAP Central Library | UAP Central Library | General Stacks | 2020-01-19 | 005.133 GOT | 3010016851 | 2020-01-19 | 6 | 2020-01-19 | Book | ||||||||
| UAP Central Library | UAP Central Library | General Stacks | 2020-01-19 | 005.133 GOT | 3010015884 | 2020-01-19 | 7 | 2020-01-19 | Book | ||||||||
| UAP Central Library | UAP Central Library | General Stacks | 2020-01-19 | 2 | 005.133 GOT | 3010015891 | 2023-05-22 | 2023-04-13 | 8 | 2020-01-19 | Book | 2 | |||||
| UAP Central Library | UAP Central Library | General Stacks | 2020-01-19 | 005.133 GOT | 3010015888 | 2020-01-19 | 9 | 2020-01-19 | Book | ||||||||
| UAP Central Library | UAP Central Library | General Stacks | 2020-01-19 | 005.133 GOT | 3010016999 | 2020-01-19 | 10 | 2020-01-19 | Book | ||||||||
| UAP Central Library | UAP Central Library | General Stacks | 2020-01-19 | 5 | 005.133 GOT | 3010005379 | 2025-07-28 | 2025-07-20 | 11 | 2020-01-19 | Book | ||||||
| UAP Central Library | UAP Central Library | General Stacks | 2020-01-19 | 4 | 005.133 GOT | 3010015883 | 2023-09-17 | 2023-09-12 | 12 | 2020-01-19 | Book | 2 | |||||
| UAP Central Library | UAP Central Library | General Stacks | 2020-01-19 | 005.133 GOT | 3010017078 | 2020-01-19 | 13 | 2020-01-19 | Book | ||||||||
| UAP Central Library | UAP Central Library | General Stacks | 2020-01-19 | 005.133 GOT | 3010016997 | 2020-01-19 | 14 | 2020-01-19 | Book | ||||||||
| UAP Central Library | UAP Central Library | General Stacks | 2020-01-19 | 005.133 GOT | 3010016848 | 2020-01-19 | 15 | 2020-01-19 | Book | ||||||||
| UAP Central Library | UAP Central Library | General Stacks | 2020-01-19 | 005.133 GOT | 3010015885 | 2020-01-19 | 16 | 2020-01-19 | Book | ||||||||
| UAP Central Library | UAP Central Library | General Stacks | 2020-01-19 | 005.133 GOT | 3010016849 | 2020-01-19 | 17 | 2020-01-19 | Book | ||||||||
| UAP Central Library | UAP Central Library | General Stacks | 2020-01-19 | 2 | 005.133 GOT | 3010015889 | 2023-09-13 | 2023-08-31 | 18 | 2020-01-19 | Book | ||||||
| UAP Central Library | UAP Central Library | General Stacks | 2020-12-28 | 1 | 005.133 GOT | 3010015890 | 2023-10-04 | 2023-08-31 | 19 | 2020-12-28 | Book | ||||||
| UAP Central Library | UAP Central Library | General Stacks | 2021-02-01 | 005.133 GOT | 3010016998 | 2021-02-01 | 20 | 2021-02-01 | Book |
Bengali Keyboard